02281nam a2200457Ii 4500001001300000003000800013006001900021007001500040008004100055020001800096020001500114035002100129040002600150041001100176050001800187100003500205240003300240245016700273250001100440264005800451300003400509336002600543337002600569338003600595490003000631500017000661505047600831650004901307650005701356650001901413655002201432700002201454791003601476830004801512793005001560856007201610910003401682942000801716952008001724999001901804DIGCGODT0016NyNyDIGm o d cr |||||||||||130101s2010 ag ob 000 0 spa d z9789871489176 z987148917x a(OCoLC)806966697 aDGITAbengepncDGITA1 aspager14aPN 3331 eBook1 aLukács, György,d1885-197110aTheorie des Romans.lSpanish10aTeoría de la novela :bun ensayo histórico-filosófico sobre las formas de la gran literatura épica /cGyörgy Lukács ; traducción de Micaela Ortelli. a1. ed. 1aBuenos Áires, Argentina :bEdiciones Godot,c2010.  a1 online resource (389 pages) atextbtxt2rdacontent acomputerbc2rdamedia aonline resourcebcr2rdacarrier1 aColección exhumaciones. aTranslation of Die Theorie des Romans ; ein geschichtsphilosophischer Versuch über die Formen der grossen Epik. Stuttgart, Union Deutsche Verlagsgesellschaft, 19161 aPrólogo: György Lukács acerca de Teoría de la novela. -- Civilizaciones integradas -- Problemas de una filosofía de la historia de las formas -- La epopeya y la novela -- El condicionamiento histórico-filosófico de la novela y su importancia -- Idealismo abstracto -- El romanticismo de la decepción -- Los años de aprendizaje de Wilhelm Meister como intento de síntesis -- Tolstoi y los intentos por trascender las formas sociales de la existencia. 0aFictionxHistory and criticismxTheory, etc. 0aEpic literaturexHistory and criticismxTheory, etc. 0aLiterary form. 0aElectronic books.1 aOrtelli, Micaela.2 aDigitalia (Firm),edistributor. 0aColección exhumaciones (Ediciones Godot).0 gDigitalia eBook Collection:aEdiciones Godot.403Digitalia Hispánicauhttps://www.digitaliapublishing.com/a/17829/ aPremium Collection: 2007-2012 cRAA 001040708DEHaBD-UINbBD-UINd2025-04-25l0r2025-04-25w2025-04-25yRAA c235573d235573